| 000 | 00500nam a2200217 454500 | ||
|---|---|---|---|
| 001 | 061332 | ||
| 003 | BD-ChCU | ||
| 008 | Eng | ||
| 020 | _ax | ||
| 040 |
_aDLC _cDLC _dBD-ChCU |
||
| 082 | 0 | 0 | _a181.9/G195u |
| 100 | 1 |
_aGandhi Rajmohan _bx |
|
| 245 | 1 | 0 |
_aUnderstanding the Muslim mind _bx |
| 250 | _ax | ||
| 260 |
_aNew Delhi,London _bPenguin Books _c1986 |
||
| 300 | _a359 | ||
| 504 | _aincludes | ||
| 650 | 0 |
_aPhilosophy,Muslim _bPhilosophy ,Muslim |
|
| 700 | 1 | _ax | |
| 942 |
_2ddc _cBK |
||
| 999 |
_c61332 _d61332 |
||